Statistics for Name that Nebula!

Click here to take the quiz!

General Stats

  • This quiz has been taken 396 times
  • The average score is 5 of 16

Answer Stats

Answer% Correct
Horsehead Nebula
68%
Cat's Eye Nebula
60%
Ring Nebula
45%
Heart Nebula
43%
Eye of Sauron Nebula
41%
Bubble Nebula
38%
Eagle Nebula
38%
Engraved Hourglass Nebula
37%
Tarantula Nebula
32%
Rosette Nebula
29%
Ant Nebula
25%
Boomerang Nebula
21%
Pacman Nebula
14%
Skull Nebula
12%
Dragonfish Nebula
10%
Prawn Nebula
10%

Score Distribution

Percentile by Number Answered

Percent of People with Each Score

Your Score History

You have not taken this quiz